特急「しらさぎ」の停車駅 - Statistics

General Stats
  • This quiz has been taken 113 times
  • The average score is 7 of 7
Answer Stats
停車駅 % Correct
名古屋
100%
米原
100%
敦賀
99%
岐阜
97%
大垣
96%
長浜
91%
尾張一宮
88%
No matching quizzes found
Score Distribution
Percent of People with Each Score
Percentile by Number Answered
Your Score History
You have not taken this quiz